000 00265nam a22001217a 4500
999 _c13107
_d13107
020 _a9780241317693
082 _a150
100 _aJo Hemmings
245 _aHow Psychology Works
260 _aChina
_bPenguin Random House
_c2018
300 _a255 pages
942 _cBK